00401nam a2200157Ia 4500003000400000005001700004008004100021020001500062040000900077082001900086100002400105245005100129260004100180300000900221650001300230OSt20201008103353.0190216s9999||||xx |||||||||||||| ||und|| a8177220209 coclc a005.369bCOP/O aCopestake, Stephen  0aOffice 2000 In Easy Steps /cStephen Copestake bDream Tech Press,aNew Delhi:c2004. a186p aComputer